| 000 | 00661nam a22001937a 4500 | ||
|---|---|---|---|
| 005 | 20170808163605.0 | ||
| 010 | _aENG-119094 | ||
| 020 |
_c275.00 _a9788184654608 |
||
| 035 | _aEN-102626 | ||
| 037 | _bDBAD/PUB | ||
| 082 | _a280.8 | ||
| 100 | _aRupwate,Daniel D. | ||
| 245 |
_aA Biblical perspective on mother's day, and children's day / _cby Daniel D.Rupwate |
||
| 260 |
_aDelhi _bThe Indian Society for Promoting Christian Knowlewdge(ISPCK)) _c2014 |
||
| 270 |
_a1585,1654 Madarsa Road Kashmere Gate _bDelhi _e110006 |
||
| 300 |
_axx,225p. _c22cm(pbk) |
||
| 500 | _aIncludes bibliographical refertences | ||
| 942 |
_2ddc _cEN _mRUP _h280.8 |
||
| 999 |
_c143168 _d143168 |
||